|
|
|
|
| LEADER |
00000cam a2200000 7i4500 |
| 001 |
0000001277 |
| 005 |
20140402.0 |
| 020 |
0 |
0 |
|a 9251022933
|
| 090 |
0 |
0 |
|a FAO634.9
|b MON 1985
|
| 245 |
0 |
0 |
|a MONITORING and evaluation of participatory forestry projects
|
| 260 |
0 |
0 |
|a Rome :
|b Food and Agriculture Organization of the United Nations ,
|c 1985
|
| 300 |
|
|
|a v, 133 p. :
|b ill. ;
|c 30 cm.
|
| 440 |
0 |
0 |
|a FAO forestry paper ; 60
|
| 500 |
0 |
0 |
|a Includes bibliographical references
|
| 650 |
0 |
0 |
|a Forestry projects
|x Evaluation
|
| 650 |
0 |
0 |
|a Forests and forestry
|
| 710 |
1 |
1 |
|a Food and Agriculture Organization of the United Nations (FAO)
|
| 998 |
|
|
|a JPSM
|
| 999 |
|
|
|a 0000005879
|b Monograph
|c Food and Agriculture Organization
|e Default branch
|